[Event "CAN-ch U12"]
[White "Leveille, Francois1"]
[Black "Chartrand, Maxime"]
[Site "Quebec"]
[Round "3"]
[Result "1-0"]
[Date "2008.07.15"]
[WhiteElo "1124"]
[BlackElo "977"]
[PlyCount "89"]
[EventDate "2008.07.14"]
[EventType "swiss"]
[EventRounds "7"]
[EventCountry "CAN"]
[SourceTitle "EXT 2011"]
[Source "ChessBase"]
[SourceDate "2010.11.26"]
[SourceVersion "1"]
[SourceVersionDate "2010.11.26"]
[SourceQuality "1"]

1. e4 e5 2. Nf3 Nc6 3. Bc4 Bc5 4. c3 Nf6 5. d4 Nxe4 6. 0-0 exd4 7. cxd4 Bb4 8. a3 Ba5 9. b4 Bb6 10. Re1 d5 11. Bb5 a6 12. Bxc6+ bxc6 13. Nc3 Qe7 14. Nxe4 dxe4 15. Nd2 Bxd4 16. Rb1 0-0 17. Rxe4 Qd8 18. Nf3 Be3 19. Bxe3 Qxd1+ 20. Rxd1 Bf5 21. Red4 Bc2 22. R1d2 Bf5 23. Bf4 Bg4 24. Bxc7 Rae8 25. h3 Bf5 26. Ne5 f6 27. Nxc6 Rf7 28. Rd8 Kf8 29. R2d5 Rxc7 30. Rxe8+ Kxe8 31. Rd8+ Kf7 32. Nd4 Rc1+ 33. Kh2 Rd1 34. g4 Be4 35. a4 Ke7 36. Nc6+ Bxc6 37. Rxd1 Bf3 38. Re1+ Kf7 39. b5 a5 40. b6 g5 41. Rc1 h5 42. Rc7+ Ke8 43. gxh5 Bxh5 44. b7 g4 45. b8Q# 1-0

[Event "CAN-ch U12"]
[White "Chartrand, Maxime"]
[Black "Godreau, Kieran"]
[Site "Ottawa"]
[Round "5"]
[Result "1-0"]
[Date "2007.07.05"]
[WhiteElo "899"]
[BlackElo "1090"]
[PlyCount "75"]
[EventDate "2007.07.03"]
[EventType "swiss"]
[EventRounds "7"]
[EventCountry "CAN"]
[SourceTitle "EXT 2022"]
[Source "ChessBase"]
[SourceDate "2021.10.06"]
[SourceVersion "1"]
[SourceVersionDate "2021.10.06"]
[SourceQuality "1"]

1. e4 e6 2. Nf3 Bc5 3. d4 Bb6 4. Nc3 Nf6 5. e5 Ng4 6. Ne4 d5 7. Nc3 Ba5 8. Bf4 Nc6 9. Ng5 Bb6 10. Qxg4 Nxd4 11. 0-0-0 Bd7 12. Bd3 Nf5 13. Qh5 Nh6 14. g4 g6 15. Qxh6 Rf8 16. Bb5 c6 17. Bd3 Bxf2 18. Nxh7 Qe7 19. Nxf8 Qxf8 20. Qxf8+ Kxf8 21. Bh6+ Ke8 22. Ne2 Rc8 23. Rhf1 Bc5 24. Rf3 Bf8 25. Bxf8 Kxf8 26. Rdf1 Be8 27. h4 c5 28. h5 c4 29. h6 Kg8 30. Bxg6 fxg6 31. Rf8+ Kh7 32. g5 d4 33. Nxd4 c3 34. Nxe6 b5 35. bxc3 Rxc3 36. Ng7 Ra3 37. Nxe8 Rxa2 38. R1f7# 1-0